000 00376cam a2200145ua 4500
041 _aeng
_h
082 _a828.09
_bBUC/Te
100 _aBuckely,, Jerone Hamilton .
245 _aTennyson : The growth of a poet /
_cBuckley.
_hTextual Documents
260 _a :
_bHarvard University press ,
_c1960.
300 _a298 ; .
504 _a
942 _cBK
999 _c12263
_d12263